[Event "Wroclaw Black Horse op-B 1st"]
[Site "Wroclaw"]
[Date "2023.02.23"]
[Round "10"]
[White "Latacz, Grzegorz"]
[Black "Frac, Piotr"]
[Result "1-0"]
[WhiteElo "1630"]
[BlackElo "1529"]
[PlyCount "45"]
[EventDate "2023.02.18"]
[EventType "swiss"]
[EventRounds "10"]
[EventCountry "POL"]
[SourceTitle "EXT 2024"]
[Source "ChessBase"]
[SourceDate "2023.10.10"]
[SourceVersion "1"]
[SourceVersionDate "2023.10.10"]
[SourceQuality "1"]

1. d4 Nf6 2. c4 c5 3. d5 e6 4. Nc3 exd5 5. cxd5 d6 6. e4 g6 7. h3 Bg7 8. Nf3 0-0 9. Bd3 b5 10. Nxb5 Nxe4 11. Bxe4 Re8 12. Ng5 f5 13. 0-0 fxe4 14. Ne6 Bxe6 15. dxe6 d5 16. Bf4 Na6 17. Nd6 Bd4 18. Qb3 Nc7 19. Nxe8 Nxe8 20. Qb7 Ng7 21. e7 Qe8 22. Qxd5+ Kh8 23. Qxe4 1-0

[Event "Wroclaw Anderssen Memorial op-B"]
[Site "Wroclaw"]
[Date "2023.??.??"]
[Round "7"]
[White "Gajec, Roza"]
[Black "Frac, Piotr"]
[Result "0-1"]
[WhiteElo "1414"]
[BlackElo "1594"]
[PlyCount "68"]
[EventDate "2023.08.06"]
[EventType "swiss"]
[EventRounds "9"]
[EventCountry "POL"]
[SourceTitle "EXT 2024"]
[Source "ChessBase"]
[SourceDate "2023.10.10"]
[SourceVersion "1"]
[SourceVersionDate "2023.10.10"]
[SourceQuality "1"]

1. e4 c5 2. Nf3 d6 3. d4 cxd4 4. Nxd4 Nf6 5. Nc3 g6 6. Be2 Bg7 7. Be3 0-0 8. Qd2 Nc6 9. 0-0-0 Nxd4 10. Bxd4 Be6 11. Kb1 Qa5 12. f3 Rfc8 13. Nd5 Qxd2 14. Nxf6+ Bxf6 15. Rxd2 Bxd4 16. Rxd4 Rc5 17. h4 Rac8 18. Bd3 Kg7 19. Rb4 R8c7 20. Rb5 Kf6 21. Rxc5 Rxc5 22. b3 Ke5 23. g3 Kd4 24. Re1 Kc3 25. Rd1 Kd4 26. Re1 a5 27. Kb2 g5 28. Bf1 gxh4 29. c3+ Ke5 30. f4+ Kf6 31. f5 Bd7 32. gxh4 Re5 33. Re2 Bc6 34. Bg2 d5 0-1

[Event "Wroclaw Anderssen Memorial op-B"]
[Site "Wroclaw"]
[Date "2023.??.??"]
[Round "9"]
[White "Korpalski, Maciej"]
[Black "Frac, Piotr"]
[Result "0-1"]
[WhiteElo "1900"]
[BlackElo "1594"]
[PlyCount "56"]
[EventDate "2023.08.06"]
[EventType "swiss"]
[EventRounds "9"]
[EventCountry "POL"]
[SourceTitle "EXT 2024"]
[Source "ChessBase"]
[SourceDate "2023.10.10"]
[SourceVersion "1"]
[SourceVersionDate "2023.10.10"]
[SourceQuality "1"]

1. e4 c5 2. Nf3 d6 3. d4 cxd4 4. Nxd4 Nf6 5. Nc3 g6 6. Be3 Bg7 7. f3 0-0 8. Qd2 Nc6 9. Bc4 Bd7 10. 0-0-0 Rc8 11. Bb3 Nxd4 12. Bxd4 b5 13. g4 a5 14. a4 bxa4 15. Bxa4 Bxa4 16. Nxa4 Rc4 17. b3 Nxe4 18. Qe3 Rxd4 19. Rxd4 Bxd4 20. Qxd4 Nf6 21. g5 Nh5 22. Re1 e5 23. Qd2 Nf4 24. Kb1 Qxg5 25. Qxd6 Rd8 26. Qxe5 Rd1+ 27. Kb2 Nd3+ 28. cxd3 Qc1+ 0-1

[Event "Wroclaw Anderssen Memorial"]
[Site "Wroclaw"]
[Date "2021.07.31"]
[Round "8"]
[White "Frac, Piotr"]
[Black "Quinn, Rory"]
[Result "0-1"]
[WhiteElo "1090"]
[BlackElo "2109"]
[PlyCount "51"]
[EventDate "2021.07.31"]
[EventType "swiss (rapid)"]
[EventRounds "9"]
[EventCountry "POL"]
[SourceTitle "CBM 203 Extra"]
[Source "ChessBase"]
[SourceDate "2021.09.30"]
[SourceVersion "1"]
[SourceVersionDate "2021.09.30"]
[SourceQuality "1"]

1. c4 e5 2. Nc3 Nf6 3. g3 c6 4. Bg2 d5 5. cxd5 cxd5 6. e3 d4 7. exd4 exd4 8. Qa4+ Nc6 9. Bxc6+ bxc6 10. Qxc6+ Bd7 11. Qc4 dxc3 12. bxc3 Rc8 13. Qa6 Bc5 14. Ne2 0-0 15. 0-0 Bc6 16. Nf4 Qd7 17. d4 Bd6 18. Rb1 Bxf4 19. Bxf4 Qh3 20. f3 Nd5 21. Bd6 Rfe8 22. Rb8 Ne3 23. Rf2 Rxb8 24. Bxb8 Rxb8 25. Qxc6 Rb1+ 26. Rf1 0-1